[Event "AUTO-ADV-586"]
[Site "http://www.queenalice.com/game.php?id=247970"]
[Date "2007.7.29"]
[Round "1"]
[White "valefale19"]
[Black "davividal"]
[Result "0-1"]
[WhiteElo "1506"]
[BlackElo "1889"]

1. e4 e6 2. d4 d5 3. e5 c5 4. c3 Nc6 5. Nf3 Qb6 6. Bf4 Nh6 7. Qb3 Qxb3 8. axb3
Be7 9. Bb5 Bd7 10. Nbd2 a6 11. Bd3 b5 12. Bxb5 O-O 13. Bxc6 Bxc6 14. O-O Nf5 15.
dxc5 Bxc5 16. b4 Bb6 17. g4 Ne7 18. Bg5 Nc8 19. c4 dxc4 20. Nxc4 Bc7 21. Bf4 Bb5
22. Rfc1 f6 23. Nd4 Bd7 24. h3 g5 25. Bg3 Ne7 26. Na5 Nd5 27. exf6 Bxg3 28. fxg3
Nxb4 29. Rc4 Nd5 30. Nac6 Rxf6 31. Re1 Rc8 32. h4 h6 33. h5 e5 34. Rxe5 Rfxc6
35. Nxc6 Rxc6 36. Rxd5 Rxc4 37. Rxd7 Rxg4 38. Kg2 Rb4 0-1

[Event "AUTO-ADV-586"]
[Site "http://www.queenalice.com/game.php?id=247971"]
[Date "2007.7.29"]
[Round "1"]
[White "davividal"]
[Black "valefale19"]
[Result "1-0"]
[WhiteElo "1891"]
[BlackElo "1504"]

1. e4 e5 2. Nf3 Nc6 3. Bb5 a6 4. Ba4 b5 5. Bb3 h6 6. O-O Nf6 7. c3 Bc5 8. d4 Bb6
9. Re1 d6 10. dxe5 Nxe5 11. Nxe5 dxe5 12. Qxd8+ Kxd8 13. Bxf7 Bd7 14. Nd2 Rf8
15. Bb3 Bc6 16. Bc2 Ng4 17. Rf1 Rxf2 18. Rxf2 Bxf2+ 19. Kf1 Be3 20. h3 Nf6 21.
Ke2 Bxd2 22. Bxd2 Nxe4 23. Rd1 Ke8 24. Be3 Ng3+ 25. Kf2 Ne4+ 26. Ke2 Ng3+ 27.
Kf2 Ne4+ 28. Ke2 Rd8 29. Rxd8+ Kxd8 30. Bxe4 Bxe4 31. Bc5 Bxg2 32. Bf8 e4 33.
Bxg7 Bxh3 34. Bxh6 Bg2 35. b3 c6 36. Bf4 Bf3+ 37. Ke3 Kd7 38. a3 Ke6 39. Kd4 1-0

[Event "AUTO-INT-553"]
[Site "http://www.queenalice.com/game.php?id=248009"]
[Date "2007.7.29"]
[Round "1"]
[White "dghost"]
[Black "valefale19"]
[Result "0-1"]
[WhiteElo "1417"]
[BlackElo "1620"]

1. e4 e5 2. Nf3 Nc6 3. Bc4 h6 4. Nc3 Bc5 5. O-O Nf6 6. d3 d6 7. h3 O-O 8. Re1 a6
9. Be3 Bb4 10. a3 Bxc3 11. bxc3 Bd7 12. d4 Nxe4 13. Bd5 Nxc3 0-1

[Event "AUTO-INT-553"]
[Site "http://www.queenalice.com/game.php?id=248010"]
[Date "2007.7.29"]
[Round "1"]
[White "valefale19"]
[Black "dghost"]
[Result "0-1"]
[WhiteElo "1603"]
[BlackElo "1461"]

1. e4 e5 2. Nf3 Nc6 3. Bc4 Nf6 4. Nc3 Bc5 5. Ng5 O-O 6. Nd5 Nxd5 7. Bxd5 Be7 8.
Nxh7 Kxh7 9. Qh5+ Kg8 10. g4 d6 11. d3 Nd4 12. Bb3 Nxb3 13. axb3 Qd7 14. h4 Qxg4
15. Qxg4 Bxg4 16. Rg1 Bh5 17. Rh1 Bf3 18. Rg1 Rfe8 19. Rg3 Bh5 20. c4 Bxh4 21.
Rg2 g6 22. Bh6 Kh7 23. Be3 Bf3 24. Rh2 Kg8 25. Rxh4 Kg7 26. Rh3 Rh8 27. Rxh8
Rxh8 28. Kd2 a6 29. Ra4 Rh2 30. Rb4 b6 0-1

[Event "AUTO-INT-553"]
[Site "http://www.queenalice.com/game.php?id=248025"]
[Date "2007.7.29"]
[Round "1"]
[White "i"]
[Black "valefale19"]
[Result "0-1"]
[WhiteElo "1542"]
[BlackElo "1591"]

1. e4 e5 2. Nf3 Nc6 3. Bc4 h6 4. Nc3 d6 5. O-O Bg4 6. h3 Bh5 7. d3 Nd4 8. g4 Bg6
9. Be3 Nf6 10. Nxd4 exd4 11. Bxd4 Be7 12. f4 c5 13. Bxf6 Bxf6 14. Qd2 Qb6 15. b3
Bd4+ 16. Kg2 Qb4 0-1

[Event "AUTO-INT-553"]
[Site "http://www.queenalice.com/game.php?id=248026"]
[Date "2007.7.29"]
[Round "1"]
[White "valefale19"]
[Black "i"]
[Result "0-1"]
[WhiteElo "1467"]
[BlackElo "1603"]

1. e4 e5 2. Nf3 Nc6 3. Bc4 Nf6 4. Nc3 Bb4 5. Ng5 O-O 6. d3 d5 7. Bxd5 Bxc3+ 8.
bxc3 h6 9. Nf3 Bg4 10. h3 Bxf3 11. Qxf3 Qd6 12. O-O Rad8 13. Bxh6 gxh6 14. Qg3+
Kh7 15. Qf3 Nxd5 16. exd5 Qxd5 0-1

[Event "AUTO-INT-553"]
[Site "http://www.queenalice.com/game.php?id=248035"]
[Date "2007.7.29"]
[Round "1"]
[White "dequeue"]
[Black "valefale19"]
[Result "1-0"]
[WhiteElo "1746"]
[BlackElo "1447"]

1. e4 e5 2. Nf3 Nc6 3. Bc4 h6 4. O-O Nf6 5. d4 d6 6. Nc3 a6 7. d5 Ne7 8. Nh4 Ng6
9. Nxg6 fxg6 10. f4 Bg4 11. Be2 h5 12. h3 Bxe2 13. Nxe2 Nxe4 14. Qd3 Nc5 15.
Qxg6+ Kd7 16. fxe5 Qe7 17. Rf7 Rh6 18. Qf5+ Kd8 19. Rxf8+ Qe8 20. Qg5+ Kd7 21.
Qxg7+ Qe7 22. Rf7 Re6 23. Rxe7+ Rxe7 24. e6+ Nxe6 25. dxe6+ Kxe6 26. Nd4+ Kd7
27. Qf6 1-0

[Event "AUTO-INT-553"]
[Site "http://www.queenalice.com/game.php?id=248036"]
[Date "2007.7.29"]
[Round "1"]
[White "valefale19"]
[Black "dequeue"]
[Result "0-1"]
[WhiteElo "1451"]
[BlackElo "1742"]

1. e4 e5 2. Nf3 Nc6 3. Bb5 a6 4. Ba4 b5 5. Bb3 h6 6. d3 Bb7 7. Be3 Nf6 8. a3 d5
9. Nc3 d4 10. Bd2 dxc3 11. Bxc3 Bd6 12. h3 O-O 13. O-O a5 14. d4 exd4 15. Nxd4
Nxd4 16. Qxd4 b4 17. Bd2 Bh2+ 18. Kxh2 Qxd4 19. Be3 Qxb2 20. Rad1 bxa3 21. Bd4
Bxe4 22. Bxb2 axb2 23. Rb1 a4 24. Bc4 a3 25. Bb3 a2 26. Bxa2 Rxa2 0-1

[Event "AUTO-BEG-75"]
[Site "http://www.queenalice.com/game.php?id=250163"]
[Date "2007.8.3"]
[Round "2"]
[White "miluetz"]
[Black "valefale19"]
[Result "0-1"]
[WhiteElo "1619"]
[BlackElo "1573"]

1. e4 e5 2. Nf3 Nc6 3. Bb5 a6 4. Bxc6 bxc6 5. O-O d6 6. d3 Nf6 7. Bg5 Be7 8.
Bxf6 Bxf6 9. Nc3 O-O 10. d4 Bg4 11. dxe5 Bxe5 12. Qd3 Re8 13. Nxe5 Rxe5 14. f4
Rh5 15. f5 Qh4 16. h3 Re8 17. Rf4 d5 18. Rxg4 Qf6 19. Qxa6 d4 20. Nd5 Qd6 0-1

[Event "AUTO-BEG-75"]
[Site "http://www.queenalice.com/game.php?id=250164"]
[Date "2007.8.3"]
[Round "2"]
[White "valefale19"]
[Black "miluetz"]
[Result "1-0"]
[WhiteElo "1554"]
[BlackElo "1638"]

1. e4 e5 2. Nf3 Nc6 3. Bb5 a6 4. Bxc6 bxc6 5. d3 d6 6. Nc3 Nf6 7. Bg5 Be7 8. O-O
O-O 9. d4 Bg4 10. h3 Bxf3 11. Qxf3 exd4 12. Ne2 Nxe4 13. Qxe4 Bxg5 14. Qxc6 Bf6
15. Rad1 Qe8 16. Nxd4 Bxd4 17. Qxe8 Rfxe8 18. Rxd4 Rab8 19. b3 Rb5 20. a4 1-0